| 000 | 00540nam a22001457a 4500 | ||
|---|---|---|---|
| 008 | 160428b xxu||||| |||| 00| 0 eng d | ||
| 050 | _a1 85174 122 4 | ||
| 100 |
_aLocke, Geoffrey _924262 |
||
| 245 |
_aJust before God? _b: justification and arcic II : a study guide to the debate _c/Geoffrey Locke |
||
| 260 |
_aBramcote _bGrove Books Limited _c1989 |
||
| 300 |
_a28p. _c22cm. |
||
| 650 |
_aAnglican communion _vRelations _xCatholic church _924263 |
||
| 650 |
_aCatholic church _vRelations _yAnglican communion _924264 |
||
| 942 |
_2lcc _cMONOGRAPH |
||
| 999 |
_c124770 _d124770 |
||